| 000 | 02737nam a22004937a 4500 | ||
|---|---|---|---|
| 005 | 20240530110348.0 | ||
| 008 | 141214s2008 ua fd g b 000 0aara d | ||
| 017 |
_a3812/2008 _bمصر . دار الكتب المصرية |
||
| 020 | _a9772583054 | ||
| 040 | _aEG-CaGPL | ||
| 041 | 0 | _aara | |
| 082 | 0 | 4 |
_221 _a617.6009\ _bع م |
| 100 | 0 | _aعبدالله محمد الرابطى | |
| 245 | 1 | 0 |
_aمقدمة فى تاريخ الطب و طب الاسنان / _cتاليف عبدالله محمد الرابطى |
| 250 | _aط1 | ||
| 260 |
_aالقاهرة : _bالدار العربية للنشر والتوزيع ، _c2008 |
||
| 300 |
_a176 ص : _bايض ؛ _c24 سم |
||
| 504 | _aيشتمل على ارجاعات ببليوجرافية | ||
| 650 | 0 | 4 |
_aالطب _xتاريخ قديم _yالعصر البدائى |
| 650 | 0 | 4 |
_aطب الاسنان _xتاريخ قديم _yالحضارة المصرية |
| 650 | 0 | 4 |
_aالطب _xتاريخ قديم _yالحضارة المصرية |
| 650 | 0 | 4 |
_aطب الاسنان _xتاريخ قديم _yالحضارة الهندية |
| 650 | 0 | 4 |
_aالطب _xتاريخ قديم _yالحضارة الهندية |
| 650 | 0 | 4 |
_aالطب _xتاريخ قديم _yالحضارة الصينية |
| 650 | 0 | 4 |
_aطب الاسنان _xتاريخ قديم _yالحضارة الصينية |
| 650 | 0 | 4 |
_aالطب _xتاريخ قديم _yالحضارة الفارسية |
| 650 | 0 | 4 |
_aطب الاسنان _xتاريخ قديم _yالحضارة الفارسية |
| 650 | 0 | 4 |
_aالطب _xتاريخ قديم _yالحضارة اليونانية |
| 650 | 0 | 4 |
_aطب الاسنان _xتاريخ قديم _yالحضارة اليونانية |
| 650 | 0 | 4 |
_aالطب _xتاريخ قديم _yالحضارة الرومانية |
| 650 | 0 | 4 |
_aطب الاسنان _xتاريخ قديم _yالحضارة الرومانية |
| 650 | 0 | 4 |
_aالطب _xتاريخ قديم _yالحضارة البيزنطية |
| 650 | 0 | 4 |
_aطب الاسنان _xتاريخ قديم _yالحضارة البيزنطية |
| 650 | 0 | 4 |
_aالطب _xتاريخ قديم _yالحضارة الجاهلية |
| 650 | 0 | 4 |
_aطب الاسنان _xتاريخ قديم _yالحضارة الجاهلية |
| 650 | 0 | 4 |
_aالطب _xتاريخ قديم _yعصر صدر الاسلام |
| 650 | 0 | 4 |
_aطب الاسنان _xتاريخ قديم _yعصر صدر الاسلام |
| 650 | 0 | 4 |
_aالطب _xتاريخ قديم _yالدولة العباسية |
| 650 | 0 | 4 |
_aطب الاسنان _xتاريخ قديم _yالدولة العباسية |
| 650 | 0 | 4 |
_aالطب _xتاريخ قديم _yالحضارة الاسلامية |
| 650 | 0 | 4 |
_aطب الاسنان _xتاريخ قديم _yالحضارة الاسلامية |
| 942 |
_2ddc _cBK |
||
| 999 |
_c60009 _d60009 |
||